Normal view
MARC view
- Sioco, Zeira G.
Entry Personal Name
001 - CONTROL NUMBER
- control field: 2098
003 - CONTROL NUMBER IDENTIFIER
- control field: URS
005 - DATE AND TIME OF LATEST TRANSACTION
- control field: 20220825134048.0
008 - FIXED-LENGTH DATA ELEMENTS
- fixed length control field: 220825|| aca||aabn | a|a d
040 ## - CATALOGING SOURCE
- Original cataloging agency: URS
100 ## - HEADING--PERSONAL NAME
- Personal name: Sioco, Zeira G.
- Relator term: author